اكتمل التصدير — 

Araby the blest : studies in Arabian archaeology /

محفوظ في:

مؤلف مشترك: Carsten Niebuhr Institut.

مؤلفون آخرون: Potts, Daniel T.

التنسيق: كتاب

اللغة: English

منشور في: Copenhagen : Carsten Niebuhr Institute of Ancient Near Eastern Studies : University of Copenhagen, Museum Tusculanum Press, 1988.

سلاسل: Carsten Niebuhr Institute of Near Eastern Studies ; 7.
CNIP ; 7.

الموضوعات:

الوسوم: إضافة وسم

لا توجد وسوم, كن أول من يضع وسما على هذه التسجيلة!

رقم الطلب: DS41 .C62 v.7

LEADER 01208namaa2200313 4500
001 12396
003 OSt
005 20241002115516.0
008 130303s1988 dk a 001 0 eng d
952 |0 0  |1 0  |2 lcc  |3 V.7  |4 0  |6 DS0041 C62 V.00007  |7 1  |9 11767  |a ARCE  |b ARCE  |d 2021-04-11  |l 0  |o DS41 .C62 v.7  |p 1017658  |r 2021-04-11 00:00:00  |w 2021-04-11  |y BK 
999 |c 10904  |d 10904 
020 |a 8772890517 
040 |c ARCE Library 
043 |a ar----- 
050 4 |a DS41 .C62 v.7 
245 0 0 |a Araby the blest :   |b studies in Arabian archaeology /   |c edited by D. T. Potts. 
264 1 |a Copenhagen :   |b Carsten Niebuhr Institute of Ancient Near Eastern Studies :   |b University of Copenhagen, Museum Tusculanum Press,   |c 1988. 
300 |a 263 pages :  |b illustrations ;  |c 24 cm. 
490 1 |a Carsten Niebuhr Institute of Near Eastern Studies ;   |v 7. 
490 1 |a CNIP ;   |v 7. 
500 |a Includes index. 
650 0 |a Excavations (Archaeology)  |z Arabian Peninsula. 
651 0 |a Arabian Peninsula  |x Antiquities. 
700 1 |a Potts, Daniel T. 
710 2 |a Carsten Niebuhr Institut.  |9 21644 
830 0 |a Carsten Niebuhr Institute of Near Eastern Studies ;   |v 7. 
830 0 |a CNIP ;   |v 7. 
901 |a reviewed 
942 |c BK  |2 lcc